000 00532nam a2200181Ia 4500
008 240925s9999 xx 000 0 und d
020 _a335216854
082 _a001.4 PHI
100 _aPhillips ,Estelle M.; Pugh ,Derek S.
245 0 _aHow To Get A Ph.D: a handbook for students and their supervisors
250 _aNA
260 _aNew York:
_bOxford University Press
_c,2005.
300 _axx,232p.
_bNa
_fOriginal
500 _aIncludes Index
600 _aHumanities & Natural Science
650 _aGeneralia
942 _cBK
999 _c9509
_d9509